Ruidos (Record no. 27398)

MARC details
000 -LEADER
campo de control de longitud fija 00673nam a2200205 i 4500
001 - NÚMERO DE CONTROL
campo de control 27398
003 - IDENTIFICADOR DE NÚMERO DE CONTROL
campo de control ES-MaACL
005 - FECHA Y HORA DE LA ÚLTIMA TRANSACCIÓN
campo de control 20250823105353.0
007 - CAMPO FIJO DE DESCRIPCIÓN FÍSICA--INFORMACIÓN GENERAL
campo de control de longitud fija t|
008 - DATOS DE LONGITUD FIJA--INFORMACIÓN GENERAL
campo de control de longitud fija 030114s1978 sp ||||1| spa d
100 1# - ENTRADA PRINCIPAL--NOMBRE DE PERSONA
Nombre de persona Attali, Jacques.
9 (RLIN) 23768
245 10 - MENCIÓN DEL TÍTULO
Título Ruidos
Resto del título : ensayo sobre la economía política de la música /
Mención de responsabilidad, etc. Jacques Attali ; traducción de José Martín Arancibia.
260 ## - PUBLICACIÓN, DISTRIBUCIÓN, ETC.
Lugar de publicación, distribución, etc. [Barcelona] :
Nombre del editor, distribuidor, etc. Ruedo Ibérico,
Fecha de publicación, distribución, etc. [1978]
300 ## - DESCRIPCIÓN FÍSICA
Extensión 303 p. ;
Dimensiones 22 cm.
650 #7 - PUNTO DE ACCESO ADICIONAL DE MATERIA--TÉRMINO DE MATERIA
Término de materia o nombre geográfico como elemento de entrada Música y sociedad
Fuente del encabezamiento o término embne
9 (RLIN) 169553
700 1# - ENTRADA AGREGADA--NOMBRE PERSONAL
Nombre de persona Martín Arancibia, José.
9 (RLIN) 77394
710 2# - ENTRADA AGREGADA--NOMBRE DE ENTIDAD CORPORATIVA
Nombre de entidad corporativa o nombre de jurisdicción como elemento de entrada Éditions Ruedo ibérico.
9 (RLIN) 145333
852 ## - LOCALIZACIÓN
Ubicación ES-MaACL
Número de control de estantería L-3420
Holdings
Estatus retirado Estado de pérdida Estado de daño No para préstamo Biblioteca de origen Biblioteca actual Ubicación en estantería Fecha de adquisición Fuente de adquisición Total de préstamos Signatura topográfica completa Código de barras Visto por última vez Precio de reemplazo Tipo de ítem Koha
        Biblioteca del Ateneo de Madrid Biblioteca del Ateneo de Madrid Depósito 2 17/01/2008     L-3420 1028279 23/02/2023 23/02/2023 Libro impreso